เปลี่ยนเป็นภาษาไทย

Change to English
 แสดงรายละเอียดบรรณานุกรม
  กลับหน้าหลัก

Brief Record : Get Marc (ISO 2709) : E-mail record : QR code < ปิดหน้าต่าง
mysqli: Table './ulib62015/stat_globaluid' is marked as crashed and should be repaired
select id from stat_globaluid where statuid='20260517174024_2293' 
mysqli: Table './ulib62015/stat_globaluid' is marked as crashed and should be repaired
DELETE FROM stat_globaluid
			WHERE id NOT IN (
			  SELECT id
			  FROM (
				SELECT id
				FROM stat_globaluid
				ORDER BY id DESC
				LIMIT 100
			  ) foo
			); 
mysqli: Table './ulib62015/stat_globaluid' is marked as crashed and should be repaired
insert into stat_globaluid set
		statuid='20260517174024_2293',
		dt='1779014424',
		phpself='/ULIB62015/dublinfull.php',
		agent='Mozilla/5.0 AppleWebKit/537.36 (KHTML, like Gecko; compatible; ClaudeBot/1.0; +claudebot@anthropic.com)',
		yea='2026',
		mon='5',
		dat='17',
		ip='216.73.216.45'
		
		
mysqli: Table './ulib62015/stathist_viewbib_bib_type' is marked as crashed and should be repaired
insert into stathist_viewbib_bib_type set 
		dat='17' ,
		 mon='05' ,
		  yea='2026' ,
			 statuid='20260517174024_2293' ,
			 head='27717' ,
			 foot='marc' ,
			 dt='1779014424' 
		
LEADER : 01174nam 2200277 a 4500
001    27717
003     ULIB
008    030417s2546 caua sb 001 0 tha
020    ^a9747844427
060 04 ^aQV766^bบ149ย 2546
100    ^aบรรจบ ชุณหสวัสดิกุล
245 10 ^aยาดองเหล้าจากภูมิปัญญาไทยถึงไวน์ฝรั่ง /^cบรรจบ ชุณหสวัสดิกุล, เขียน
246 31 ^aสมุนไพรยาดองเหล้า
250    ^aพิมพ์ครั้งที่ 1
260    ^aกรุงเทพฯ :^bรวมทรรศน์,^c2546
300    ^a64 หน้า :^bภาพประกอบ;^c21 ซม.
650  4 ^aสมุนไพร
650  4 ^aยาดองเหล้า
945    ^p65^l0^i007204
945    ^p0^l0^i007274
999    ^a57066
รายการนี้ยังไม่มีแท็ก
คุณยังไม่ได้ล็อกอิน คุณสามารถมีกิจกรรมร่วมกับเว็บไซต์ได้ แต่ต้องล็อกอินก่อน ::
  ล็อกอิน
  One Stop Service : ศูนย์ให้บริการแบบเบ็ดเสร็จ   จัดการหนังสือโปรด   แจ้งรายการบรรณานุกรมผิดพลาด
ลำดับที่ ประเภท เลขเรียก/บาร์โค้ด สถานที่ สถานะ
1. หนังสือ
หนังสือ
สถานะ=หาย
QV766 บ149ย 2546 ฉ.1 
  Barcode: 007204
หนังสือทั่วไป บนชั้น
  ขอยืม
2. หนังสือ
หนังสือ
QV766 บ149ย 2546 ฉ.2 
  Barcode: 007274
หนังสือทั่วไป บนชั้น
  ขอยืม

รายการใกล้เคียง
    ผู้แต่ง [บรรจบ ชุณหสวัสดิกุล]

    หัวเรื่อง [สมุนไพร]

BibComment


ยังไม่เคยถูกคอมเมนท์

คอมเมนท์ทรัพยากรรายการนี้
  คอมเมนท์: ยาดองเหล้าจากภูม..
Bib 27717

 
 
 

 Union Library Management : ULibM
Copyright 2026. All Rights Reserved.